000 00365nam a2200145Ia 4500
100 _aTidwell/ Mike C.
942 _cBK
654 _aMicrocomputer: applicaations
245 _aMicrocomputer:application for field construction projects
260 _bMc Graw Hill
_aNew York
_c1992
082 _a624.068
_bPAN
300 _a339
546 _aENGLISH
999 _c33465
_d33465